| 000 | 00646nam a2200217 a 4500 | ||
|---|---|---|---|
| 999 |
_c3484 _d3484 |
||
| 001 | 3484 | ||
| 003 | BD-JhCC | ||
| 005 | 20171114091515.0 | ||
| 008 | 171114s1369 bg |||| ||a| 000 0 bg d | ||
| 035 | _a(BD-JhCC)3484 | ||
| 040 |
_aBD-JhCC _dBD-JhCC |
||
| 041 | _aben | ||
| 082 |
_a920 _bHOS 1369 |
||
| 100 | _aহোসেন, কাজী আবুল | ||
| 245 |
_aছোটদের গান্ধীজী / _cকাজী আবুল হোসেন, |
||
| 260 |
_aঢাকা : _bআহমদ পাবলিশিং হাউস, _c1369 |
||
| 300 |
_a49 p. : _c18 cm. |
||
| 650 | _aBiography | ||
| 942 |
_2ddc _cBK |
||